000 00835nam a2200217Ia 4500
001 1632
003 GE_BSU
008 181216s||||||||xx |||||||||||||| ||und||
020 _a9789941412769
040 _cGE_BSU
080 _a94(470.661)+910.4(470.661)
100 _aსურმანიძე,რამაზ
245 _aგროზნო დაიგრა, მაგრამ არ დაცემულა
245 _b(1997 წლის– შეხვედრებიიდა შთაბეჭდილებები).
260 _aბათუმი
260 _bშოთა რუსთაველის სახ. უნ–ტი
260 _c2011
300 _a30 გვ. 19 სმ.
653 _aგროზნო დაიგრა, მაგრამ არ დაცემულა
942 _cBK
999 _c35753
_d35753